Medagliere Olimpiadi estive Berlino 1936 - Statistics

Statistiche generali
  • Questo quiz è stato fatto 10 volte
  • Il punteggio medio è 7 su 10
Statistiche sulle risposte
Medaglie d'Oro Medaglie d'Argento Medaglie di Bronzo Medaglie complessive Rappresentativa olimpica % Corretto
33 26 30 89 Germania
100%
8 9 5 22 Italia
100%
24 20 12 56 Stati Uniti
100%
7 6 6 19 Francia
89%
6 4 8 18 Giappone
78%
6 4 7 17 Paesi Bassi
56%
10 1 5 16 Ungheria
56%
7 6 6 19 Finlandia
33%
6 5 9 20 Svezia
33%
1 9 5 15 Svizzera
33%
Nessun quiz corrispondente trovato
Distribuzione punteggi
Percentuale di utenti per punteggio
Percentile per numero di risposta
I tuoi punteggi nel tempo
Non hai fatto questo quiz